h1

h2

h3

h4

h5
h6
000481997 001__ 481997
000481997 005__ 20251110151851.0
000481997 0247_ $$2ISSN$$a2296-4185
000481997 0247_ $$2SCOPUS$$aSCOPUS:2-s2.0-84976609614
000481997 0247_ $$2WOS$$aWOS:000536548500108
000481997 0247_ $$2datacite_doi$$a10.18154/RWTH-2015-04551
000481997 0247_ $$2doi$$a10.3389/fbioe.2015.00112
000481997 0247_ $$2pmid$$apmid:26301219
000481997 037__ $$aRWTH-2015-04551
000481997 041__ $$aEnglish
000481997 082__ $$a570
000481997 1001_ $$0P:(DE-82)058187$$aKremer, Florian$$b0
000481997 245__ $$aA Comparison of the Microbial Production and Combustion Characteristics of Three Alcohol Biofuels : Ethanol, 1-Butanol, and 1-Octanol$$honline
000481997 260__ $$aLausanne$$bFrontiers Media$$c2015
000481997 3367_ $$00$$2EndNote$$aJournal Article
000481997 3367_ $$0PUB:(DE-HGF)16$$2PUB:(DE-HGF)$$aJournal Article$$bjournal$$mjournal
000481997 3367_ $$2BibTeX$$aARTICLE
000481997 3367_ $$2DRIVER$$aarticle
000481997 3367_ $$2DataCite$$aOutput Types/Journal article
000481997 3367_ $$2ORCID$$aJOURNAL_ARTICLE
000481997 588__ $$aDataset connected to CrossRef
000481997 591__ $$aGermany
000481997 591__ $$aUK
000481997 7001_ $$0P:(DE-82)IDM00040$$aBlank, Lars M.$$b1$$urwth
000481997 7001_ $$0P:(DE-HGF)0$$aJones, Patrik R.$$b2
000481997 7001_ $$0P:(DE-HGF)0$$aAkhtar, M. Kalim$$b3$$eCorresponding author
000481997 773__ $$0PERI:(DE-600)2719493-0$$a10.3389/fbioe.2015.00112$$p1-7$$tFrontiers in Bioengineering and Biotechnology$$v3$$x2296-4185$$y2015
000481997 8564_ $$uhttps://publications.rwth-aachen.de/record/481997/files/481997.pdf$$yOpenAccess
000481997 8564_ $$uhttps://publications.rwth-aachen.de/record/481997/files/481997.gif?subformat=icon$$xicon$$yOpenAccess
000481997 8564_ $$uhttps://publications.rwth-aachen.de/record/481997/files/481997.jpg?subformat=icon-180$$xicon-180$$yOpenAccess
000481997 8564_ $$uhttps://publications.rwth-aachen.de/record/481997/files/481997.jpg?subformat=icon-700$$xicon-700$$yOpenAccess
000481997 909CO $$ooai:publications.rwth-aachen.de:481997$$popenaire$$popen_access$$pVDB$$pdriver$$pdnbdelivery
000481997 9151_ $$0StatID:(DE-HGF)0031$$2StatID$$aPeer reviewed article$$x0
000481997 915__ $$0LIC:(DE-HGF)CCBY4$$2HGFVOC$$aCreative Commons Attribution CC BY 4.0
000481997 915__ $$0StatID:(DE-HGF)0300$$2StatID$$aDBCoverage$$bMedline
000481997 915__ $$0StatID:(DE-HGF)0310$$2StatID$$aDBCoverage$$bNCBI Molecular Biology Database
000481997 915__ $$0StatID:(DE-HGF)0500$$2StatID$$aDBCoverage$$bDOAJ
000481997 915__ $$0StatID:(DE-HGF)0501$$2StatID$$aDBCoverage$$bDOAJ Seal
000481997 915__ $$0StatID:(DE-HGF)0510$$2StatID$$aOpenAccess
000481997 9201_ $$0I:(DE-82)161710_20140620$$k161710$$lLehrstuhl für Angewandte Mikrobiologie$$x0
000481997 9201_ $$0I:(DE-82)161700_20140620$$k161700$$lInstitut für Angewandte Mikrobiologie (Biologie IV)$$x1
000481997 9201_ $$0I:(DE-82)160000_20140620$$k160000$$lFachgruppe Biologie$$x2
000481997 9201_ $$0I:(DE-82)412310_20140620$$k412310$$lLehrstuhl für Verbrennungskraftmaschinen und Institut für Thermodynamik$$x3
000481997 961__ $$c2015-08-30T00:14:03.232542$$x2015-08-30T00:14:03.232542$$z2015-08-31
000481997 9801_ $$aFullTexts
000481997 980__ $$aI:(DE-82)160000_20140620
000481997 980__ $$aI:(DE-82)161700_20140620
000481997 980__ $$aI:(DE-82)161710_20140620
000481997 980__ $$aI:(DE-82)412310_20140620
000481997 980__ $$aUNRESTRICTED
000481997 980__ $$aVDB
000481997 980__ $$ajournal